Business Ethics And Values (Record no. 997)

MARC details
000 -LEADER
Fixed length control field 00467nam a2200169 4500
003 - CONTROL NUMBER IDENTIFIER
Control field SEACOMMC
005 - DATE AND TIME OF LATEST TRANSACTION
Control field 20250430134831.0
008 - FIXED-LENGTH DATA ELEMENTS--GENERAL INFORMATION
Fixed length control field 250114b |||||||| |||| 00| 0 eng d
020 ## - INTERNATIONAL STANDARD BOOK NUMBER / ISBN
International Standard Book Number 978-93-5202-993-8
Price Rs.125.00
040 ## - CATALOGING SOURCE
Original cataloging agency SEACOMMC
082 ## - DEWEY DECIMAL CLASSIFICATION NUMBER
Classification number 174.4
Book Number K 96
100 ## - MAIN ENTRY--PERSONAL NAME
Personal name Kumar, Senthil
245 1# - TITLE STATEMENT
Title Business Ethics And Values
Statement of responsibility Senthil Kumar & Senthil Ranjan
260 ## - IMPRINT
Place of publication Mumbai
Name of publisher Himalaya Publishing House
Date of publication 2006
650 ## - SUBJECT ADDED ENTRY--TOPICAL TERM
Topical term Philosophy
942 ## - ADDED ENTRY ELEMENTS (KOHA)
Koha item type Books
Holdings
Withdrawn status Lost status Source of classification Damaged status Not for loan Home library Current library Shelving location Date acquired Total Checkouts Call number Accession number Date last seen Price effective from Koha item type Copy number
    Dewey Decimal Classification     SEACOM MANAGEMENT COLLEGE SEACOM MANAGEMENT COLLEGE Reference 27/12/2007   174.4 K 96 M-1623 14/01/2025 14/01/2025 Books  
    Dewey Decimal Classification     SEACOM MANAGEMENT COLLEGE SEACOM MANAGEMENT COLLEGE   27/12/2007   174.4 K 96 M-1624 14/01/2025 14/01/2025 Books 1
    Dewey Decimal Classification     SEACOM MANAGEMENT COLLEGE SEACOM MANAGEMENT COLLEGE   27/12/2007   174.4 K 96 M-1625 14/01/2025 14/01/2025 Books 2
    Dewey Decimal Classification     SEACOM MANAGEMENT COLLEGE SEACOM MANAGEMENT COLLEGE   27/12/2007   174.4 K 96 M-1626 14/01/2025 14/01/2025 Books 3
    Dewey Decimal Classification     SEACOM MANAGEMENT COLLEGE SEACOM MANAGEMENT COLLEGE   27/12/2007   174.4 K 96 M-1627 14/01/2025 14/01/2025 Books 4
© Seacom Engineering College, All rights reserved.    Powered by Koha